[Event "BCF-chT3Sb 1920 (4NCL)"]
[Site "England"]
[Date "2019.11.09"]
[Round "1.54"]
[White "Gibbs, Dominic V"]
[Black "Davies, Matthew"]
[Result "1-0"]
[WhiteElo "1930"]
[BlackElo "1906"]
[PlyCount "71"]
[EventDate "2019.11.09"]
[EventType "team-tourn"]
[EventRounds "11"]
[EventCountry "ENG"]
[SourceTitle "EXT 2023"]
[Source "ChessBase"]
[SourceDate "2022.10.05"]
[SourceVersion "1"]
[SourceVersionDate "2022.10.05"]
[SourceQuality "1"]
[WhiteTeam "Iceni"]
[BlackTeam "West is Best II"]
[WhiteTeamCountry "ENG"]
[BlackTeamCountry "WLS"]

1. e4 e6 2. d4 d5 3. Nd2 Nf6 4. e5 Nfd7 5. Ngf3 c5 6. c3 Nc6 7. Bd3 cxd4 8. cxd4 Qb6 9. 0-0 Be7 10. Nb3 a5 11. a4 Nb4 12. Bb1 Qd8 13. Be3 b6 14. Qd2 Ba6 15. Rd1 0-0 16. Ng5 g6 17. h4 Re8 18. h5 Nf8 19. Nf3 Rc8 20. Nc1 Qd7 21. Ne2 Rc7 22. Nc3 Rec8 23. Bh6 Qe8 24. Nh2 Nd7 25. Qe3 Bf8 26. Bg5 Be7 27. Bf4 Bf8 28. Ng4 Bg7 29. Nh6+ Kh8 30. Qh3 Nf8 31. Ra3 Nc6 32. Bg5 Bxh6 33. Bxh6 Ne7 34. Bg5 Ng8 35. Qh4 Kg7 36. h6+ 1-0

[Event "BCF-chT4S 1819 (4NCL)"]
[Site "England"]
[Date "2019.01.12"]
[Round "3.23"]
[White "Davies, Matthew"]
[Black "Weatherlake, John P"]
[Result "0-1"]
[WhiteElo "1945"]
[BlackElo "1922"]
[PlyCount "72"]
[EventDate "2018.11.17"]
[EventType "team-swiss"]
[EventRounds "11"]
[EventCountry "ENG"]
[SourceTitle "EXT 2021"]
[Source "ChessBase"]
[SourceDate "2020.10.23"]
[SourceVersion "1"]
[SourceVersionDate "2020.10.23"]
[SourceQuality "1"]
[WhiteTeam "West is Best III"]
[BlackTeam "Wessex II"]
[WhiteTeamCountry "ENG"]
[BlackTeamCountry "ENG"]

1. d4 d6 2. c4 e5 3. d5 f5 4. Nc3 Nf6 5. Nf3 Be7 6. g3 0-0 7. Bg2 Qe8 8. e3 Nbd7 9. Qe2 Nc5 10. b4 Nce4 11. Nxe4 Nxe4 12. Nd2 Nxd2 13. Bxd2 Qg6 14. 0-0 Bd7 15. Bc3 h5 16. f4 e4 17. Rf2 Kf7 18. Qe1 h4 19. Rd2 Rh8 20. Bd4 Rh7 21. a4 Rah8 22. c5 Qg4 23. Rc2 hxg3 24. hxg3 Rh3 25. Bxh3 Rxh3 26. Raa2 Bh4 27. Rg2 Bxg3 28. Qe2 Qh4 29. Kf1 g5 30. c6 bxc6 31. dxc6 Be6 32. Rc2 gxf4 33. exf4 Qxf4+ 34. Rf2 Rh1+ 35. Kg2 Qh4 36. Rf1 Qh3# 0-1

[Event "BCF-chT2b 1819 (4NCL)"]
[Site "England"]
[Date "2018.11.10"]
[Round "1.75"]
[White "Davies, Matthew"]
[Black "Murray, David"]
[Result "1/2-1/2"]
[WhiteElo "1944"]
[BlackElo "2201"]
[PlyCount "64"]
[EventDate "2018.11.10"]
[EventType "team-tourn"]
[EventRounds "11"]
[EventCountry "ENG"]
[SourceTitle "EXT 2021"]
[Source "ChessBase"]
[SourceDate "2020.10.23"]
[SourceVersion "1"]
[SourceVersionDate "2020.10.23"]
[SourceQuality "1"]
[WhiteTeam "West is Best II"]
[BlackTeam "Gonzaga"]
[WhiteTeamCountry "ENG"]
[BlackTeamCountry "ENG"]

1. d4 Nf6 2. c4 c5 3. d5 b5 4. cxb5 a6 5. bxa6 g6 6. Nc3 Bg7 7. e4 0-0 8. Nf3 Qa5 9. Nd2 Bxa6 10. Bxa6 Qxa6 11. Qe2 e6 12. Qxa6 Nxa6 13. dxe6 fxe6 14. 0-0 Nb4 15. Nf3 d5 16. exd5 exd5 17. a3 d4 18. Ne2 Nfd5 19. Rb1 Nd3 20. Rd1 Ne5 21. Nxe5 Bxe5 22. Bd2 d3 23. Nc3 Nxc3 24. Bxc3 Bxc3 25. bxc3 c4 26. Rb4 Rxa3 27. Rxc4 Ra2 28. f3 Re8 29. Rd4 Rb8 30. Rb4 Re8 31. Re4 Rb8 32. Rb4 Re8 1/2-1/2

[Event "BCF-chT3 1415 (4NCL)"]
[Site "England"]
[Date "2015.03.22"]
[Round "8.186"]
[White "Valentine, Brian J"]
[Black "Davies, Matthew"]
[Result "0-1"]
[WhiteElo "1977"]
[BlackElo "1950"]
[PlyCount "58"]
[EventDate "2015.03.21"]
[EventType "team-swiss"]
[EventRounds "11"]
[EventCountry "ENG"]
[SourceTitle "EXT 2016"]
[Source "ChessBase"]
[SourceDate "2015.10.08"]
[SourceVersion "1"]
[SourceVersionDate "2015.10.08"]
[SourceQuality "1"]
[WhiteTeam "MK Phoenix II"]
[BlackTeam "West is Best II"]
[WhiteTeamCountry "ENG"]
[BlackTeamCountry "ENG"]

1. e4 e6 2. d4 d5 3. Nc3 Nf6 4. e5 Nfd7 5. f4 c5 6. Nf3 Nc6 7. Be3 Qb6 8. Na4 Qa5+ 9. c3 c4 10. b4 Nxb4 11. cxb4 Bxb4+ 12. Kf2 b5 13. a3 Be7 14. Nc5 Qc7 15. Nxd7 Bxd7 16. Be2 0-0 17. Rf1 a5 18. Qc1 b4 19. axb4 axb4 20. Nd2 Qb7 21. Nxc4 dxc4 22. Qxc4 Rfc8 23. Qb3 Bc6 24. Bf3 Bxf3 25. gxf3 Rc3 26. Qb2 Bh4+ 27. Kg1 Rxa1 28. Rxa1 Rxe3 29. Qxb4 Qxb4 0-1

[Event "WLS-chT 1415"]
[Site "Cardiff"]
[Date "2015.03.15"]
[Round "5.14"]
[White "Young, Alan J"]
[Black "Davies, Matthew"]
[Result "1-0"]
[WhiteElo "2013"]
[BlackElo "1948"]
[PlyCount "35"]
[EventDate "2014.10.19"]
[EventType "team-swiss"]
[EventRounds "7"]
[EventCountry "WLS"]
[SourceTitle "EXT 2016"]
[Source "ChessBase"]
[SourceDate "2015.10.08"]
[SourceVersion "1"]
[SourceVersionDate "2015.10.08"]
[SourceQuality "1"]

1. e4 e6 2. d4 d5 3. Nc3 Nf6 4. Bg5 dxe4 5. Nxe4 Be7 6. Bxf6 gxf6 7. Nf3 a6 8. g3 f5 9. Nc3 Bf6 10. Qd2 b5 11. Bg2 Bb7 12. 0-0 0-0 13. Rfe1 Nd7 14. a4 b4 15. Ne2 a5 16. Nf4 Nb6 17. Nh5 Rc8 18. Qh6 1-0

[Event "WLS-chT 1415"]
[Site "Cardiff"]
[Date "2014.11.23"]
[Round "2.9"]
[White "Waterfield, John"]
[Black "Davies, Matthew"]
[Result "1/2-1/2"]
[WhiteElo "1953"]
[BlackElo "1936"]
[PlyCount "108"]
[EventDate "2014.10.19"]
[EventType "team-swiss"]
[EventRounds "7"]
[EventCountry "WLS"]
[SourceTitle "EXT 2016"]
[Source "ChessBase"]
[SourceDate "2015.10.08"]
[SourceVersion "1"]
[SourceVersionDate "2015.10.08"]
[SourceQuality "1"]

1. e4 e6 2. d4 d5 3. Nc3 Nf6 4. Bg5 Be7 5. e5 Nfd7 6. h4 h6 7. Bxe7 Qxe7 8. Bd3 a6 9. Qg4 Kf8 10. f4 c5 11. dxc5 Nxc5 12. 0-0-0 Nc6 13. Nf3 b5 14. h5 b4 15. Ne2 a5 16. Nfd4 Nxd4 17. Nxd4 Ba6 18. Bxa6 Rxa6 19. f5 Qg5+ 20. Qxg5 hxg5 21. fxe6 Nxe6 22. Nf5 g6 23. hxg6 Rxh1 24. Rxh1 fxg6 25. Rh8+ Kf7 26. Nd6+ Kg7 27. Re8 Nd4 28. Re7+ Kg8 29. Kd2 Rc6 30. Kd3 Nf5 31. Re6 Rc7 32. Rxg6+ Kh7 33. Rxg5 Ne7 34. g4 Kh6 35. Rh5+ Kg6 36. Nf5 Nxf5 37. Rxf5 Rc4 38. Rf6+ Kg5 39. Rd6 Rc5 40. Kd4 Rxc2 41. Rxd5 a4 42. Ra5 Rxb2 43. Rxa4 Kxg4 44. e6 Kf5 45. Ra6 Kf6 46. Kd5 Rd2+ 47. Kc5 Rb2 48. Kd6 Rd2+ 49. Kc7 Ke7 50. Kb6 Rb2 51. Kc5 Kf6 52. Kc4 Ke7 53. Kd5 Rd2+ 54. Kc5 Rb2 1/2-1/2

[Event "BCF-chT3S 1314 (4NCL)"]
[Site "England"]
[Date "2014.02.15"]
[Round "5.246"]
[White "Davies, Matthew"]
[Black "Martin, Peter"]
[Result "0-1"]
[WhiteElo "1944"]
[BlackElo "2081"]
[PlyCount "70"]
[EventDate "2013.11.16"]
[EventType "team-swiss"]
[EventRounds "6"]
[EventCountry "ENG"]
[SourceTitle "EXT 2015"]
[Source "ChessBase"]
[SourceDate "2014.11.20"]
[SourceVersion "1"]
[SourceVersionDate "2014.11.20"]
[SourceQuality "1"]
[WhiteTeam "West is Best II"]
[BlackTeam "Gloucestershire Gambits"]
[WhiteTeamCountry "ENG"]
[BlackTeamCountry "ENG"]

1. d4 Nf6 2. c4 c5 3. d5 b5 4. cxb5 a6 5. bxa6 g6 6. Nc3 Bxa6 7. Nf3 d6 8. e4 Bxf1 9. Kxf1 Bg7 10. g3 Nbd7 11. Kg2 0-0 12. Qe2 Ne8 13. Bf4 f6 14. h4 Nc7 15. Be3 f5 16. exf5 Rxf5 17. h5 Rxh5 18. Rxh5 gxh5 19. Ng5 Qe8 20. Rh1 h6 21. Nge4 Rb8 22. Bc1 Ne5 23. Rxh5 Qf7 24. Rh1 Nxd5 25. Bxh6 Nxc3 26. Nxc3 Nc4 27. Bc1 Ne5 28. Bf4 Nc6 29. Qc2 Bf6 30. Rh6 Nd4 31. Qd2 Bg7 32. Rh1 e5 33. Bh6 Qb7+ 34. f3 Qxf3+ 35. Kg1 Qxg3+ 0-1